Las cien mejores obras de la pintura española / (Record no. 138618)

MARC details
000 -LEADER
campo de control de longitud fija 00913nam a2200241 i 4500
001 - NÚMERO DE CONTROL
campo de control 138618
003 - IDENTIFICADOR DE NÚMERO DE CONTROL
campo de control ES-MaACL
005 - FECHA Y HORA DE LA ÚLTIMA TRANSACCIÓN
campo de control 20250820124243.0
007 - CAMPO FIJO DE DESCRIPCIÓN FÍSICA--INFORMACIÓN GENERAL
campo de control de longitud fija t|
008 - DATOS DE LONGITUD FIJA--INFORMACIÓN GENERAL
campo de control de longitud fija 070214s1940 sp r ||||1| spa d
100 1# - ENTRADA PRINCIPAL--NOMBRE DE PERSONA
Nombre de persona Santa Marina, José María.
9 (RLIN) 103246
245 14 - MENCIÓN DEL TÍTULO
Título Las cien mejores obras de la pintura española /
Mención de responsabilidad, etc. por José María Santa Marina ; nota preliminar del Marqués de Lozoya ; prólogo de José María Junoy.
250 ## - MENCION DE EDICION
Mención de edición 1ª ed.
260 ## - PUBLICACIÓN, DISTRIBUCIÓN, ETC.
Lugar de publicación, distribución, etc. Barcelona :
Nombre del editor, distribuidor, etc. Ed. Selectas,
Fecha de publicación, distribución, etc. 1940.
300 ## - DESCRIPCIÓN FÍSICA
Extensión 268 p., 100 lám. :
Otras características físicas il. ;
Dimensiones 28 cm.
490 1# - MENCIÓN DE SERIE
Mención de serie Laus Artis Hispanicae
650 #7 - PUNTO DE ACCESO ADICIONAL DE MATERIA--TÉRMINO DE MATERIA
Término de materia o nombre geográfico como elemento de entrada Pintura española
Fuente del encabezamiento o término embne
9 (RLIN) 16033
700 1# - ENTRADA AGREGADA--NOMBRE PERSONAL
Nombre de persona Lozoya, Juan de Contreras y López de Ayala,
Títulos y otros términos asociados al nombre Marqués de,
Fechas asociadas al nombre 1893-1978
9 (RLIN) 129112
700 1# - ENTRADA AGREGADA--NOMBRE PERSONAL
Nombre de persona Junoy, Josep Maria,
Fechas asociadas al nombre 1887-1955
9 (RLIN) 67306
830 0# - PUNTO DE ACCESO ADICIONAL DE SERIE-TÍTULO UNIFORME
Título uniforme Laus Artis Hispanicae
9 (RLIN) 187102
852 ## - LOCALIZACIÓN
Ubicación ES-MaACL
Número de control de estantería B-10683
Sublocalización o colección R.21859
Holdings
Estatus retirado Estado de pérdida Estado de daño No para préstamo Biblioteca de origen Biblioteca actual Ubicación en estantería Fecha de adquisición Fuente de adquisición Total de préstamos Signatura topográfica completa Código de barras Visto por última vez Precio de reemplazo Tipo de ítem Koha
        Biblioteca del Ateneo de Madrid Biblioteca del Ateneo de Madrid Sala Pardo Bazán 17/01/2008     B-10683 1144245 23/02/2023 23/02/2023 Libro impreso